[Event "Skalica Rapid 2020"]
[Site "Skalica"]
[Date "2020.08.29"]
[Round "7.2"]
[White "Yankelevich, Lev"]
[Black "Pacher Milan"]
[Result "0-1"]
[WhiteElo "2388"]
[BlackElo "2452"]
[Annotator "ChessBase"]
[PlyCount "43"]
[EventDate "2020.08.29"]
[EventType "swiss"]
[EventCountry "SVK"]
[SourceTitle "playchess.com"]
[Source "ChessBase"]
[SourceQuality "1"]
[TimeControl "600+5"]

1. Nf3 {[%emt 0:00:00]} d5 {[%emt 0:00:00]} 2. d4 {[%emt 0:00:00]} Nf6 {[%emt 0:00:01]} 3. c4 {[%emt 0:00:00]} e6 {[%emt 0:00:01]} 4. Nc3 {[%emt 0:00:02]} Bb4 {[%emt 0:00:05]} 5. Qa4+ {[%emt 0:00:30]} Nc6 {[%emt 0:00:01]} 6. e3 {[%emt 0:00:02]} O-O {[%emt 0:00:03]} 7. Bd2 {[%emt 0:00:04]} Re8 {[%emt 0:00:07]} 8. cxd5 {[%emt 0:01:23]} exd5 {[%emt 0:00:02]} 9. Bd3 {[%emt 0:00:04]} a6 {[%emt 0:00:50]} 10. O-O {[%emt 0:00:12]} Bd6 {[%emt 0:00:02]} 11. h3 {[%emt 0:00:07]} Nb4 {[%emt 0:00:52]} 12. Bb1 {[%emt 0:00:19]} Ne4 {[%emt 0:00:47]} 13. a3 {[%emt 0:00:05]} Nxd2 {[%emt 0:00:15]} 14. Nxd2 {[%emt 0:00:03]} Bxh3 {[%emt 0:00:08]} 15. gxh3 {[%emt 0:03:04]} Qg5+ {[%emt 0:00:01]} 16. Kh1 {[%emt 0:00:08]} Qh5 {[%emt 0:00:07]} 17. Kg2 {[%emt 0:00:20]} Qg5+ {[%emt 0:00:02]} 18. Kf3 {[%emt 0:00:28]} Nc6 {[%emt 0:02:43]} 19. Qd1 {[%emt 0:00:51]} Nxd4+ {[%emt 0:00:06]} 20. exd4 {[%emt 0:01:06]} Qf4+ {[%emt 0:00:01]} 21. Kg2 {[%emt 0:00:02]} Qh2+ {[%emt 0:00:02]} 22. Kf3 {[%emt 0:00:05]} 0-1

[Event "Skalica Rapid 2020"]
[Site "Skalica"]
[Date "2020.08.29"]
[Round "7.2"]
[White "Havelka, Ondrej"]
[Black "Ihnat, Marek"]
[Result "1-0"]
[WhiteElo "2157"]
[BlackElo "1738"]
[Annotator "ChessBase"]
[PlyCount "51"]
[EventDate "2020.08.29"]
[EventType "swiss"]
[EventCountry "SVK"]
[SourceTitle "playchess.com"]
[Source "ChessBase"]
[SourceQuality "1"]
[TimeControl "600+5"]

1. d4 {[%emt 0:00:00]} Nf6 {[%emt 0:00:00]} 2. c4 {[%emt 0:00:00]} g6 {[%emt 0:00:00]} 3. Nc3 d5 4. cxd5 {[%emt 0:00:00]} Nxd5 5. e4 Nxc3 {[%emt 0:00:00]} 6. bxc3 {[%emt 0:00:02]} Bg7 {[%emt 0:00:00]} 7. Qa4+ {[%emt 0:00:03]} Bd7 {[%emt 0:00:08]} 8. Qa3 {[%emt 0:00:01]} O-O {[%emt 0:00:05]} 9. Nf3 {[%emt 0:00:01]} c5 {[%emt 0:00:05]} 10. Qxc5 {[%emt 0:00:02]} Nc6 {[%emt 0:00:10]} 11. Be2 {[%emt 0:00:20]} Rc8 {[%emt 0:00:00]} 12. Qa3 {[%emt 0:00:02]} a6 {[%emt 0:00:13]} 13. O-O {[%emt 0:00:05]} Na5 {[%emt 0:00:00]} 14. Bg5 {[%emt 0:00:08]} Re8 {[%emt 0:00:11]} 15. Rab1 {[%emt 0:00:05]} b5 {[%emt 0:00:05]} 16. Nd2 {[%emt 0:00:40]} h6 {[%emt 0:00:02]} 17. Bh4 {[%emt 0:00:17]} g5 {[%emt 0:00:06]} 18. Bg3 {[%emt 0:00:01]} Qb6 {[%emt 0:00:04]} 19. h4 {[%emt 0:00:32]} Be6 {[%emt 0:00:08]} 20. hxg5 {[%emt 0:00:29]} hxg5 {[%emt 0:00:04]} 21. Rfc1 {[%emt 0:00:05]} Bc4 {[%emt 0:00:06]} 22. Bg4 {[%emt 0:00:36]} Rcd8 {[%emt 0:00:28]} 23. Qb4 {[%emt 0:00:12]} Bd3 {[%emt 0:00:20]} 24. Rb2 {[%emt 0:00:22]} Nc4 {[%emt 0:00:03]} 25. Nxc4 {[%emt 0:00:03]} Bxc4 {[%emt 0:00:02]} 26. Qxc4 {[%emt 0:00:03]} 1-0

[Event "Skalica Rapid 2020"]
[Site "Skalica"]
[Date "2020.08.29"]
[Round "7.3"]
[White "Szucs, Vladimir"]
[Black "Tupy, Emil"]
[Result "1-0"]
[WhiteElo "2088"]
[BlackElo "1538"]
[Annotator "ChessBase"]
[PlyCount "91"]
[EventDate "2020.08.29"]
[EventType "swiss"]
[EventCountry "SVK"]
[SourceTitle "playchess.com"]
[Source "ChessBase"]
[SourceQuality "1"]
[TimeControl "600+5"]

1. d4 {[%emt 0:00:00]} d5 {[%emt 0:00:00]} 2. c4 {[%emt 0:00:00]} c6 {[%emt 0:00:01]} 3. Nf3 {[%emt 0:00:00]} Nf6 {[%emt 0:00:01]} 4. Nc3 {[%emt 0:00:00]} g6 {[%emt 0:00:07]} 5. cxd5 {[%emt 0:00:03]} Nxd5 {[%emt 0:00:05]} 6. e4 {[%emt 0:00:02]} Nxc3 {[%emt 0:00:03]} 7. bxc3 {[%emt 0:00:01]} Bg7 {[%emt 0:00:01]} 8. Bc4 {[%emt 0:00:04]} O-O {[%emt 0:00:03]} 9. O-O {[%emt 0:00:03]} Nd7 {[%emt 0:00:27]} 10. e5 {[%emt 0:00:08]} Nb6 {[%emt 0:00:07]} 11. Bb3 {[%emt 0:00:05]} Be6 {[%emt 0:00:16]} 12. Bxe6 fxe6 13. Ng5 {[%emt 0:00:59]} Qd5 {[%emt 0:00:28]} 14. Qg4 {[%emt 0:00:07]} Rf5 {[%emt 0:00:18]} 15. Qh4 {[%emt 0:00:44]} h6 {[%emt 0:00:46]} 16. Nf3 {[%emt 0:00:03]} Re8 {[%emt 0:00:58]} 17. Qg4 {[%emt 0:00:14]} Ref8 {[%emt 0:00:34]} 18. Nh4 {[%emt 0:00:32]} g5 {[%emt 0:01:36]} 19. Nxf5 {[%emt 0:00:06]} exf5 {[%emt 0:00:06]} 20. Qe2 {[%emt 0:00:08]} f4 {[%emt 0:00:09]} 21. f3 {[%emt 0:00:05]} Nc4 {[%emt 0:00:14]} 22. Rb1 {[%emt 0:00:10]} b6 {[%emt 0:00:02]} 23. a4 {[%emt 0:00:16]} e6 {[%emt 0:00:15]} 24. Qa2 {[%emt 0:00:31]} a5 {[%emt 0:00:33]} 25. Re1 {[%emt 0:00:28]} h5 {[%emt 0:00:07]} 26. Qe2 {[%emt 0:00:10]} h4 {[%emt 0:00:30]} 27. h3 {[%emt 0:00:06]} Rf5 {[%emt 0:00:20]} 28. Qe4 {[%emt 0:00:13]} Qd7 {[%emt 0:00:41]} 29. Rd1 {[%emt 0:00:14]} Nxe5 {[%emt 0:00:26]} 30. Rxb6 {[%emt 0:00:27]} Qd6 {[%emt 0:01:48]} 31. Re1 {[%emt 0:00:11]} Nc4 {[%emt 0:00:06]} 32. Rxc6 {[%emt 0:00:07]} Qd5 {[%emt 0:00:12]} 33. Qxe6+ {[%emt 0:00:18]} Qxe6 {[%emt 0:00:08]} 34. Rexe6 {[%emt 0:00:02]} Ne3 {[%emt 0:00:12]} 35. Bxe3 {[%emt 0:00:11]} fxe3 {[%emt 0:00:01]} 36. Rxe3 {[%emt 0:00:03]} Rd5 {[%emt 0:00:09]} 37. Re7 {[%emt 0:00:13]} Bf8 {[%emt 0:00:14]} 38. Rb7 {[%emt 0:00:28]} Rd6 {[%emt 0:00:12]} 39. Rc8 {[%emt 0:00:08]} Re6 {[%emt 0:00:09]} 40. Rbb8 {[%emt 0:00:04]} Rf6 {[%emt 0:00:06]} 41. d5 {[%emt 0:00:18]} Kg7 {[%emt 0:00:01]} 42. Rxf8 {[%emt 0:00:07]} Rxf8 {[%emt 0:00:02]} 43. Rxf8 {[%emt 0:00:02]} Kxf8 {[%emt 0:00:01]} 44. Kf2 {[%emt 0:00:01]} Ke7 {[%emt 0:00:01]} 45. Ke3 {[%emt 0:00:01]} Kd6 {[%emt 0:00:00]} 46. Ke4 1-0

[Event "Skalica Rapid 2020"]
[Site "Skalica"]
[Date "2020.08.29"]
[Round "7.3"]
[White "O`gorman Tom"]
[Black "Manik Mikulas"]
[Result "0-1"]
[WhiteElo "2027"]
[BlackElo "2313"]
[Annotator "TA"]
[PlyCount "114"]
[EventDate "2020.08.29"]
[EventType "swiss"]
[EventCountry "SVK"]
[SourceTitle "playchess.com"]
[Source "ChessBase"]
[SourceQuality "1"]

{[%evp 23,114,68,80,45,146,86,81,18,97,25,194,201,203,153,162,-108,-148,-284,-272,-306,-139,-199,-77,-113,-113,-90,-109,-182,-180,-186,-158,-172,-188,-228,-175,-233,-226,-203,-173,-267,-145,-134,-134,-203,-204,-161,-97,-87,158,-162,-143,-191,-190,-213,-198,-612,-543,-1307,-1252,-1139,-404,-12842,-12843,-12843,-12843,-12844,-12844,-12845,-12846,-12846,-12847,-12848,-12848,-12850,-12850,-12850,-12851,-12851,-12851,-12851,-29987,-12851,-29988,-12851,-27999,-12851,-27999,-27999,-27998,-27999,-27998,-27999,-27999]} 1. e4 c5 2. Nf3 d6 3. d4 cxd4 4. Nxd4 Nf6 5. Nc3 a6 6. Bg5 e6 7. f4 Be7 8. Qf3 Nbd7 9. O-O-O Qc7 10. g4 h6 11. Bxf6 Bxf6 12. h4 Qb6 13. Nb3 {B99: Sicilian Najdorf: 6 Bg5 e6 7 f4 Be7 8 Qf3 Qc7 9 0-0-0 Nbd7.} Nc5 (13... Qc7 $14) 14. g5 ({White should play} 14. Nxc5 $1 Qxc5 15. e5 $1 {[%mdl 512]} dxe5 16. Ne4) 14... Be7 15. Bg2 {[#]} (15. Bc4 $16) 15... Qc7 $146 (15... Nxb3+ $11 {remains equal.} 16. axb3 Bd7) ({Predecessor:} 15... Nxb3+ 16. axb3 Bd7 17. Kb1 O-O-O 18. Rhe1 Kb8 19. Qg3 Qc5 20. e5 d5 21. f5 hxg5 22. hxg5 {0-1 (51) Hartikainen,M (2237)-Bagrationi,A (2505) Dortmund 2019}) 16. Qg3 (16. Nxc5 $16 {Hoping for Nb3.} Qxc5 17. e5) 16... b5 $2 (16... Bd7 $11 {and Black is okay.}) 17. Nxc5 $18 Qxc5 18. e5 d5 19. Nxd5 $2 ({Better is} 19. g6 $18 O-O 20. gxf7+ Rxf7 21. f5 $1 {[%mdl 512]}) 19... exd5 $17 20. Bxd5 {[#]} (20. Rxd5 $17 {might work better.} Qb6 21. Rdd1) 20... Bf5 $1 $19 {[%csl Gf5][%cal Rc5c2][%mdl 512]} 21. Qb3 O-O (21... Rc8 $19 {[%cal Rf5c2] has better winning chances.} 22. Bxf7+ Kf8) 22. gxh6 (22. Bxa8 $17 {keeps fighting.} Rxa8 23. gxh6) 22... gxh6 (22... Rac8 $19 {[%cal Rf5c2]} 23. Rh2 gxh6 24. Rg2+ Kh8 25. Bxf7 a5) 23. Rhg1+ $17 Kh8 {aiming for ...Rg8.} 24. Bxa8 Rxa8 25. Rg2 (25. h5 $17) 25... Rg8 $1 $19 {[%cal Rg8g2]} 26. Rdd2 Rxg2 27. Rxg2 Be4 $1 {[%cal Re4g2]} ({Not} 27... Bxh4 28. Qxf7 Qe3+ 29. Rd2 $11) 28. Rd2 Qg1+ $1 {[%mdl 1024] Black has strong compensation.} 29. Rd1 Qf2 30. Kb1 Qxf4 31. a3 (31. e6 $142) 31... Qf3 ({Don't take} 31... Bxh4 32. e6 $19) (31... Bf5 $19 32. Qc3 Be6) 32. Qxf3 $17 Bxf3 33. Rd7 Bxh4 34. Rxf7 Bd5 (34... Bg4 $1 $19 35. Ra7 h5 36. Rxa6 Kg7) 35. Rd7 Bg8 $2 {[#]} (35... Bg2 $17) 36. Rd6 $2 (36. e6 $1 $16 {[%mdl 512] is necessary to keep the advantage.}) 36... Kg7 $19 {Black converts the advantage convincingly.} 37. Rxa6 h5 38. Rb6 Bg3 {White must now prevent ...h4.} 39. Rxb5 $2 (39. e6 h4 40. e7) 39... h4 40. e6 Bxe6 41. Rh5 Bf7 (41... h3 $142 42. a4 h2) 42. Rxh4 (42. Rf5 $142 Bg6 43. Rf3) 42... Bxh4 43. b3 Kf6 44. Kb2 Ke5 45. c3 Be1 46. a4 Kd5 47. a5 Kc5 48. a6 Kb6 49. c4 Kxa6 50. Ka3 Ka5 51. Ka2 Kb4 52. Kb2 Bc3+ 53. Kc2 Bg6+ 54. Kc1 Kxb3 55. c5 {Black mates.} Kc4 56. c6 Be5 {( -> ...Kd3)} 57. Kd2 Be4 {Accuracy: White = 36%, Black = 47%.} 0-1

[Event "Skalica Rapid 2020"]
[Site "Skalica"]
[Date "2020.08.29"]
[Round "7.4"]
[White "Kubat, Pavel"]
[Black "Pechac, Jergus"]
[Result "0-1"]
[WhiteElo "2066"]
[BlackElo "2430"]
[Annotator "ChessBase"]
[PlyCount "72"]
[EventDate "2020.08.29"]
[EventType "swiss"]
[EventCountry "SVK"]
[SourceTitle "playchess.com"]
[Source "ChessBase"]
[SourceQuality "1"]
[TimeControl "600+5"]

1. d4 {[%emt 0:00:00]} Nf6 {[%emt 0:00:00]} 2. Bf4 {[%emt 0:00:05]} g6 {[%emt 0:00:02]} 3. h3 {[%emt 0:00:09]} Bg7 {[%emt 0:00:07]} 4. e3 {[%emt 0:00:01]} O-O {[%emt 0:00:03]} 5. Nf3 {[%emt 0:00:15]} c5 {[%emt 0:00:02]} 6. Nbd2 {[%emt 0:00:25]} cxd4 {[%emt 0:00:20]} 7. exd4 {[%emt 0:00:03]} Nc6 {[%emt 0:00:01]} 8. c3 {[%emt 0:00:02]} d6 {[%emt 0:00:02]} 9. Be2 {[%emt 0:00:24]} Re8 {[%emt 0:00:06]} 10. O-O {[%emt 0:00:06]} e5 {[%emt 0:00:02]} 11. Bh2 {[%emt 0:00:25]} e4 {[%emt 0:00:12]} 12. Ne1 {[%emt 0:00:11]} d5 {[%emt 0:00:07]} 13. Nc2 {[%emt 0:00:06]} h5 {[%emt 0:00:07]} 14. Re1 {[%emt 0:01:13]} Nh7 {[%emt 0:00:16]} 15. c4 {[%emt 0:00:13]} Nxd4 {[%emt 0:00:08]} 16. cxd5 {[%emt 0:01:48]} Qxd5 {[%emt 0:00:26]} 17. Nxd4 {[%emt 0:00:57]} Bxd4 {[%emt 0:00:08]} 18. Nb3 {[%emt 0:00:57]} Rd8 {[%emt 0:00:08]} 19. Nxd4 {[%emt 0:00:38]} Qxd4 {[%emt 0:00:02]} 20. Qxd4 {[%emt 0:00:18]} Rxd4 {[%emt 0:00:02]} 21. Rac1 {[%emt 0:00:40]} Be6 {[%emt 0:00:12]} 22. Rc7 {[%emt 0:00:11]} Bxa2 {[%emt 0:00:05]} 23. Rxb7 {[%emt 0:00:02]} Be6 {[%emt 0:00:10]} 24. Be5 {[%emt 0:00:11]} Rdd8 {[%emt 0:00:13]} 25. Kh2 {[%emt 0:01:11]} Nf8 {[%emt 0:00:06]} 26. Bb5 {[%emt 0:00:11]} Rd2 {[%emt 0:00:07]} 27. Bc6 {[%emt 0:00:26]} Rxf2 {[%emt 0:00:23]} 28. Bxe4 {[%emt 0:00:02]} a5 {[%emt 0:00:06]} 29. Rxf7 {[%emt 0:00:16]} Bxf7 {[%emt 0:00:03]} 30. Bxa8 {[%emt 0:00:02]} a4 {[%emt 0:00:10]} 31. Bc6 {[%emt 0:00:08]} Bb3 {[%emt 0:00:03]} 32. Re4 {[%emt 0:00:10]} Ne6 {[%emt 0:00:04]} 33. Bxa4 {[%emt 0:00:08]} Bd5 {[%emt 0:00:03]} 34. Bg3 {[%emt 0:00:21]} Rxb2 {[%emt 0:00:13]} 35. Rxe6 {[%emt 0:00:31]} Rxg2+ {[%emt 0:00:03]} 36. Kh1 {[%emt 0:00:06]} Rxg3+ {[%emt 0:00:02]} 0-1

[Event "Skalica Rapid 2020"]
[Site "Skalica"]
[Date "2020.08.29"]
[Round "7.4"]
[White "Sperat Czar, Nicolas"]
[Black "Meszaros, Casey Ryan"]
[Result "1-0"]
[WhiteElo "1737"]
[BlackElo "1478"]
[Annotator "NA RC"]
[PlyCount "113"]
[EventDate "2020.08.29"]
[EventType "swiss"]
[EventCountry "SVK"]
[SourceTitle "playchess.com"]
[Source "ChessBase"]
[SourceQuality "1"]
[TimeControl "600+5"]

1. e4 {[%emt 0:00:00]} e5 {[%emt 0:00:00]} 2. Nf3 {[%emt 0:00:00]} Nc6 {[%emt 0:00:00]} 3. Bb5 {[%emt 0:00:04]} a6 {[%emt 0:00:00]} 4. Ba4 {[%emt 0:00:02]} d6 {[%emt 0:00:00]} 5. d4 {[%emt 0:00:11]} exd4 {[%emt 0:00:04]} 6. Nxd4 {[%emt 0:00:00]} Bd7 {[%emt 0:00:22]} 7. Nxc6 {[%emt 0:00:08]} Bxc6 {[%emt 0:00:01]} 8. Bxc6+ {[%emt 0:00:06]} bxc6 {[%emt 0:00:01]} 9. O-O {[%emt 0:00:13]} Be7 {[%emt 0:00:10]} 10. Nd2 {[%emt 0:00:28]} Nf6 {[%emt 0:00:06]} 11. Re1 {[%emt 0:00:17]} O-O {[%emt 0:00:08]} 12. Nf3 {[%emt 0:00:04]} Re8 {[%emt 0:00:08]} 13. h3 {[%emt 0:00:20]} h6 {[%emt 0:00:19]} 14. Bf4 {[%emt 0:00:06]} Bf8 {[%emt 0:00:07]} 15. Qd3 {[%emt 0:00:16]} Qd7 {[%emt 0:02:32]} 16. c4 {[%emt 0:00:15]} Re7 {[%emt 0:00:42]} 17. Rad1 {[%emt 0:00:08]} Qe8 {[%emt 0:01:42]} 18. e5 {[%emt 0:00:19]} dxe5 {[%emt 0:01:20]} 19. Bxe5 {[%emt 0:00:10]} Ra7 {[%emt 0:01:11]} 20. Qd4 {[%emt 0:00:26]} Rb7 {[%emt 0:00:16]} 21. Bxf6 {[%emt 0:00:09]} gxf6 {[%emt 0:00:11]} 22. Qxf6 {[%emt 0:00:05]} Rxe1+ {[%emt 0:00:14]} 23. Rxe1 {[%emt 0:00:02]} Qd7 {[%emt 0:00:13]} 24. Ne5 {[%emt 0:00:43]} Qe6 {[%emt 0:00:46]} 25. Qxe6 {[%emt 0:00:08]} fxe6 {[%emt 0:00:01]} 26. Nd3 {[%emt 0:00:32]} Kf7 {[%emt 0:00:22]} 27. Ne5+ {[%emt 0:00:11]} Kf6 {[%emt 0:00:15]} 28. Nd7+ {[%emt 0:00:12]} Ke7 {[%emt 0:00:05]} 29. Nxf8 {[%emt 0:00:03]} Kxf8 {[%emt 0:00:01]} 30. b3 {[%emt 0:00:12]} Ke7 {[%emt 0:00:06]} 31. f4 {[%emt 0:00:13]} Kf6 {[%emt 0:00:03]} 32. Re5 {[%emt 0:00:21]} Rb8 {[%emt 0:00:19]} 33. Kf2 {[%emt 0:00:05]} Rd8 {[%emt 0:00:10]} 34. Ke2 {[%emt 0:00:02]} Rg8 {[%emt 0:00:24]} 35. g4 {[%emt 0:00:09]} Rd8 {[%emt 0:00:00]} 36. Ra5 {[%emt 0:00:15]} Ra8 {[%emt 0:00:16]} 37. Rc5 {[%emt 0:00:04]} Rg8 {[%emt 0:00:07]} 38. Rxc6 {[%emt 0:00:05]} h5 {[%emt 0:00:01]} 39. Kf3 {[%emt 0:00:15]} hxg4+ {[%emt 0:00:01]} 40. hxg4 {[%emt 0:00:02]} Rh8 {[%emt 0:00:01]} 41. f5 {[%emt 0:00:13]} Rh3+ {[%emt 0:00:20]} 42. Kf4 {[%emt 0:00:03]} Rh2 {[%emt 0:00:04]} 43. Rxe6+ {[%emt 0:00:04]} Kf7 {[%emt 0:00:02]} 44. Rxa6 {[%emt 0:00:06]} Rf2+ {[%emt 0:00:02]} 45. Kg5 {[%emt 0:00:03]} Re2 {[%emt 0:00:03]} 46. Rf6+ {[%emt 0:00:09]} Kg7 {[%emt 0:00:04]} 47. Re6 {[%emt 0:00:04]} Rxa2 {[%emt 0:00:03]} 48. Re7+ {[%emt 0:00:03]} Kg8 {[%emt 0:00:02]} 49. Kg6 {[%emt 0:00:05]} Kf8 {[%emt 0:00:03]} 50. Rxc7 {[%emt 0:00:02]} Rg2 {[%emt 0:00:02]} 51. g5 {[%emt 0:00:07]} Re2 {[%emt 0:00:07]} 52. Rc8+ {[%emt 0:00:14]} Ke7 {[%emt 0:00:02]} 53. f6+ {[%emt 0:00:01]} Kd6 {[%emt 0:00:02]} 54. f7 {[%emt 0:00:08]} Re6+ {[%emt 0:00:03]} 55. Kg7 {[%emt 0:00:04]} Re7 {[%emt 0:00:02]} 56. Kg8 {[%emt 0:00:06]} Rxf7 {[%emt 0:00:07]} 57. Kxf7 {[%emt 0:00:03]} 1-0

[Event "Skalica Rapid 2020"]
[Site "Skalica"]
[Date "2020.08.29"]
[Round "7.5"]
[White "Jablonicky, Martin"]
[Black "Cajka Tibor"]
[Result "1-0"]
[WhiteElo "2290"]
[BlackElo "2116"]
[Annotator "ChessBase"]
[PlyCount "94"]
[EventDate "2020.08.29"]
[EventType "swiss"]
[EventCountry "SVK"]
[SourceTitle "playchess.com"]
[Source "ChessBase"]
[SourceQuality "1"]
[TimeControl "600+5"]

1. b3 {[%emt 0:00:00]} b6 {[%emt 0:00:00]} 2. Bb2 {[%emt 0:00:00]} Bb7 {[%emt 0:00:00]} 3. Nf3 {[%emt 0:00:05]} Nf6 {[%emt 0:00:02]} 4. e3 {[%emt 0:00:01]} e6 {[%emt 0:00:00]} 5. Be2 {[%emt 0:00:00]} Be7 {[%emt 0:00:00]} 6. O-O {[%emt 0:00:00]} O-O {[%emt 0:00:00]} 7. d4 {[%emt 0:00:00]} d5 {[%emt 0:00:02]} 8. c4 {[%emt 0:00:00]} c5 {[%emt 0:00:01]} 9. Nc3 {[%emt 0:00:02]} cxd4 {[%emt 0:00:11]} 10. Nxd4 {[%emt 0:00:02]} a6 {[%emt 0:00:19]} 11. cxd5 {[%emt 0:00:04]} Nxd5 {[%emt 0:00:04]} 12. Nxd5 {[%emt 0:00:01]} Bxd5 {[%emt 0:00:07]} 13. Bf3 {[%emt 0:00:02]} Bf6 {[%emt 0:00:20]} 14. Rc1 {[%emt 0:00:10]} Qd7 {[%emt 0:00:31]} 15. Bxd5 {[%emt 0:00:41]} Qxd5 {[%emt 0:00:05]} 16. Qf3 {[%emt 0:00:02]} Qxf3 {[%emt 0:00:08]} 17. gxf3 {[%emt 0:00:01]} Nd7 {[%emt 0:00:06]} 18. Rc7 {[%emt 0:00:14]} Ne5 {[%emt 0:00:21]} 19. Kg2 {[%emt 0:00:21]} Nd3 {[%emt 0:00:12]} 20. Ba3 {[%emt 0:00:13]} Rfc8 {[%emt 0:00:16]} 21. Rxc8+ {[%emt 0:00:05]} Rxc8 {[%emt 0:00:02]} 22. Rd1 {[%emt 0:00:02]} Bxd4 {[%emt 0:02:18]} 23. Rxd3 {[%emt 0:00:04]} Bf6 {[%emt 0:00:08]} 24. Rd2 {[%emt 0:00:24]} h6 {[%emt 0:00:17]} 25. f4 {[%emt 0:00:02]} b5 {[%emt 0:00:26]} 26. Kf3 {[%emt 0:00:09]} a5 {[%emt 0:00:19]} 27. Bd6 {[%emt 0:00:04]} Bc3 {[%emt 0:00:20]} 28. Rc2 {[%emt 0:00:09]} b4 {[%emt 0:00:17]} 29. Be5 {[%emt 0:00:05]} Kh7 {[%emt 0:00:14]} 30. Bxc3 {[%emt 0:00:05]} bxc3 {[%emt 0:00:03]} 31. Ke2 {[%emt 0:00:03]} Kg6 {[%emt 0:00:58]} 32. Kd3 {[%emt 0:00:01]} Kh5 {[%emt 0:00:17]} 33. Rxc3 {[%emt 0:00:02]} Rd8+ {[%emt 0:00:05]} 34. Ke2 {[%emt 0:00:03]} Kg4 {[%emt 0:00:33]} 35. Rc5 {[%emt 0:00:04]} a4 {[%emt 0:00:23]} 36. bxa4 {[%emt 0:00:02]} Rd7 {[%emt 0:00:16]} 37. a5 {[%emt 0:00:07]} Ra7 {[%emt 0:00:05]} 38. a4 {[%emt 0:00:32]} g6 {[%emt 0:00:00]} 39. Kd3 {[%emt 0:00:06]} Kh3 {[%emt 0:00:15]} 40. Kc4 {[%emt 0:00:03]} Kxh2 {[%emt 0:00:01]} 41. Kb5 {[%emt 0:00:02]} Kg2 {[%emt 0:00:06]} 42. Kb6 {[%emt 0:00:01]} Ra8 {[%emt 0:00:17]} 43. Kb7 {[%emt 0:00:01]} Rh8 {[%emt 0:00:01]} 44. a6 {[%emt 0:00:02]} h5 {[%emt 0:00:15]} 45. a7 {[%emt 0:00:01]} h4 {[%emt 0:00:05]} 46. Rc8 {[%emt 0:00:01]} Rxc8 {[%emt 0:00:00]} 47. Kxc8 {[%emt 0:00:02]} h3 {[%emt 0:00:02]} 1-0

[Event "Skalica Rapid 2020"]
[Site "Skalica"]
[Date "2020.08.29"]
[Round "7.5"]
[White "Kaplan, Milan"]
[Black "Tupy, Bystrik"]
[Result "1-0"]
[WhiteElo "1762"]
[BlackElo "1702"]
[Annotator "NA RC"]
[PlyCount "73"]
[EventDate "2020.08.29"]
[EventType "swiss"]
[EventCountry "SVK"]
[SourceTitle "playchess.com"]
[Source "ChessBase"]
[SourceQuality "1"]
[TimeControl "600+5"]

1. e4 {[%emt 0:00:00]} e5 {[%emt 0:00:00]} 2. Nf3 {[%emt 0:00:00]} Nc6 {[%emt 0:00:00]} 3. d4 {[%emt 0:00:00]} exd4 {[%emt 0:00:00]} 4. Nxd4 {[%emt 0:00:01]} Bc5 {[%emt 0:00:00]} 5. Nxc6 {[%emt 0:00:03]} bxc6 {[%emt 0:00:01]} 6. Qf3 {[%emt 0:00:04]} Qf6 {[%emt 0:00:03]} 7. Qg3 {[%emt 0:00:03]} d6 {[%emt 0:00:09]} 8. Nc3 {[%emt 0:00:39]} Bd4 {[%emt 0:00:16]} 9. Bd2 {[%emt 0:00:30]} Be5 {[%emt 0:00:18]} 10. f4 {[%emt 0:00:35]} Bd4 {[%emt 0:00:20]} 11. Bc4 {[%emt 0:01:06]} Be6 {[%emt 0:00:39]} 12. Bxe6 {[%emt 0:00:16]} fxe6 {[%emt 0:00:19]} 13. O-O-O {[%emt 0:00:25]} Ne7 {[%emt 0:00:14]} 14. Rde1 {[%emt 0:00:39]} e5 {[%emt 0:00:29]} 15. f5 {[%emt 0:00:14]} Qf7 {[%emt 0:00:17]} 16. b3 {[%emt 0:00:13]} a5 {[%emt 0:00:03]} 17. Na4 {[%emt 0:00:47]} Kd7 {[%emt 0:02:16]} 18. c3 {[%emt 0:00:20]} Bb6 {[%emt 0:00:04]} 19. Qd3 {[%emt 0:00:12]} c5 {[%emt 0:00:20]} 20. Be3 {[%emt 0:00:33]} Rhb8 {[%emt 0:00:17]} 21. Bxc5 {[%emt 0:00:24]} Bxc5 {[%emt 0:00:32]} 22. Nxc5+ {[%emt 0:00:04]} Ke8 {[%emt 0:00:02]} 23. Ne6 {[%emt 0:00:12]} Nc6 {[%emt 0:00:28]} 24. Qc4 {[%emt 0:00:28]} Rb6 {[%emt 0:01:08]} 25. Nxc7+ {[%emt 0:01:04]} Qxc7 26. Qg8+ {[%emt 0:00:05]} Kd7 {[%emt 0:00:41]} 27. Qxa8 {[%emt 0:00:23]} Nb4 {[%emt 0:02:29]} 28. Re3 {[%emt 0:01:07]} Nc6 {[%emt 0:00:44]} 29. Kb2 {[%emt 0:00:46]} Rb8 {[%emt 0:00:08]} 30. Qa6 {[%emt 0:00:05]} Rb7 {[%emt 0:00:06]} 31. Rd1 {[%emt 0:00:11]} Ra7 {[%emt 0:00:01]} 32. Qc4 {[%emt 0:00:16]} a4 {[%emt 0:00:05]} 33. b4 {[%emt 0:00:12]} a3+ {[%emt 0:00:01]} 34. Ka1 {[%emt 0:00:06]} Qb7 {[%emt 0:00:08]} 35. Red3 {[%emt 0:00:17]} Qc7 {[%emt 0:00:09]} 36. Qe6+ {[%emt 0:00:07]} Kd8 {[%emt 0:00:05]} 37. Rxd6+ {[%emt 0:00:05]} 1-0

[Event "Skalica Rapid 2020"]
[Site "Skalica"]
[Date "2020.08.29"]
[Round "7.6"]
[White "Jurakic Lukas"]
[Black "Samoun Florent"]
[Result "0-1"]
[WhiteElo "1918"]
[BlackElo "2228"]
[Annotator "ChessBase"]
[PlyCount "56"]
[EventDate "2020.08.29"]
[EventType "swiss"]
[EventCountry "SVK"]
[SourceTitle "playchess.com"]
[Source "ChessBase"]
[SourceQuality "1"]
[TimeControl "600+5"]

1. e4 {[%emt 0:00:00]} Nf6 {[%emt 0:00:00]} 2. e5 {[%emt 0:00:00]} Nd5 {[%emt 0:00:00]} 3. d4 {[%emt 0:00:00]} d6 {[%emt 0:00:01]} 4. Nf3 {[%emt 0:00:02]} Nb6 {[%emt 0:00:03]} 5. c4 {[%emt 0:00:13]} g6 {[%emt 0:00:02]} 6. exd6 {[%emt 0:00:11]} cxd6 {[%emt 0:00:02]} 7. Nc3 {[%emt 0:00:15]} Bg7 {[%emt 0:00:02]} 8. h3 {[%emt 0:00:17]} O-O {[%emt 0:00:06]} 9. Be2 {[%emt 0:00:04]} Nc6 {[%emt 0:00:14]} 10. O-O {[%emt 0:00:09]} Bf5 {[%emt 0:00:51]} 11. Be3 {[%emt 0:00:41]} d5 {[%emt 0:00:26]} 12. b3 {[%emt 0:00:19]} dxc4 {[%emt 0:00:11]} 13. bxc4 {[%emt 0:00:02]} Rc8 {[%emt 0:01:53]} 14. c5 {[%emt 0:01:30]} Nd5 {[%emt 0:00:08]} 15. Nxd5 {[%emt 0:00:59]} Qxd5 {[%emt 0:00:02]} 16. Qa4 {[%emt 0:00:45]} Be4 {[%emt 0:00:59]} 17. Rfd1 {[%emt 0:01:08]} Qd7 {[%emt 0:00:46]} 18. Ng5 {[%emt 0:01:07]} Bd5 {[%emt 0:00:09]} 19. Bf3 {[%emt 0:00:24]} h6 {[%emt 0:00:49]} 20. Ne4 {[%emt 0:00:25]} f5 {[%emt 0:01:15]} 21. Nc3 {[%emt 0:01:34]} Bxf3 {[%emt 0:00:05]} 22. gxf3 {[%emt 0:00:02]} f4 {[%emt 0:00:02]} 23. d5 {[%emt 0:00:30]} fxe3 {[%emt 0:00:57]} 24. dxc6 {[%emt 0:00:05]} Qxh3 {[%emt 0:00:07]} 25. Qc4+ {[%emt 0:00:39]} Kh7 {[%emt 0:00:12]} 26. Rd3 {[%emt 0:00:20]} Qxf3 {[%emt 0:00:33]} 27. fxe3 {[%emt 0:00:15]} Qg3+ {[%emt 0:00:24]} 28. Kh1 {[%emt 0:00:01]} Rf2 {[%emt 0:00:06]} 0-1